UM Logo

Cooperatives in Asia : (Record no. 4469)

MARC details
000 -LEADER
fixed length control field 00882cam a2200277 a 4500
001 - CONTROL NUMBER
control field 12519872
003 - CONTROL NUMBER IDENTIFIER
control field OSt
005 - DATE AND TIME OF LATEST TRANSACTION
control field 20160910145819.0
008 - FIXED-LENGTH DATA ELEMENTS--GENERAL INFORMATION
fixed length control field 000808s2001 sz b i000 0 eng
010 ## - LIBRARY OF CONGRESS CONTROL NUMBER
LC control number 2001422892
020 ## - INTERNATIONAL STANDARD BOOK NUMBER
International Standard Book Number 92-2-111400-7
040 ## - CATALOGING SOURCE
Original cataloging agency DLC
Transcribing agency DLC
Modifying agency DLC
043 ## - GEOGRAPHIC AREA CODE
Geographic area code a------
050 00 - LIBRARY OF CONGRESS CALL NUMBER
Classification number HD3531.85.A4
Item number T34 2001
082 ## - DEWEY DECIMAL CLASSIFICATION NUMBER
Edition number 2001
Classification number DC 334.026
Item number T13c
100 1# - MAIN ENTRY--PERSONAL NAME
Personal name Taimni, K. K.,
Dates associated with a name 1938-
245 10 - TITLE STATEMENT
Title Cooperatives in Asia :
Remainder of title from reform to reconstruction /
Statement of responsibility, etc. Krishan K. Taimni.
260 ## - PUBLICATION, DISTRIBUTION, ETC. (IMPRINT)
Place of publication, distribution, etc. Geneva :
Name of publisher, distributor, etc. International Labour Office,
Date of publication, distribution, etc. 2001.
300 ## - PHYSICAL DESCRIPTION
Extent xii, 300 pages ;
Dimensions 24 cm.
504 ## - BIBLIOGRAPHY, ETC. NOTE
Bibliography, etc Includes bibliographical references.
650 #0 - SUBJECT ADDED ENTRY--TOPICAL TERM
Topical term or geographic name as entry element Cooperation
Geographic subdivision Asia.
710 2# - ADDED ENTRY--CORPORATE NAME
Corporate name or jurisdiction name as entry element International Labour Office.
906 ## - LOCAL DATA ELEMENT F, LDF (RLIN)
a 7
b cbc
c origres
d 3
e ncip
f 20
g y-gencatlg
942 ## - ADDED ENTRY ELEMENTS (KOHA)
Source of classification or shelving scheme Dewey Decimal Classification
Koha item type Circulation
Holdings
Withdrawn status Lost status Source of classification or shelving scheme Damaged status Not for loan Collection code Home library Current library Date acquired Source of acquisition Total Checkouts Full call number Barcode Date last seen Copy number Price effective from Koha item type
    Dewey Decimal Classification     Circulation UM Digos College - LIC UM Digos College - LIC 01/23/2007 Purchased   DC 334.026 T13c 2001 18934 05/15/2025 1 09/10/2016 Circulation